Top 15 Countries with Covid-19 Cases - 24 September - Statistics

General Stats
  • This quiz has been taken 33 times
  • The average score is 12 of 24
Answer Stats
country % Correct
United States
100%
United Kingdom
93%
France
90%
Russia
83%
Brazil
80%
India
80%
Mexico
80%
Spain
70%
Argentina
60%
Colombia
53%
South Africa
50%
Peru
47%
Chile
43%
Chile
43%
Bangladesh
40%
Iran
40%
Panama
30%
Bahrain
27%
Costa Rica
27%
Qatar
27%
Israel
23%
Kuwait
20%
Armenia
17%
Oman
17%
No matching quizzes found
Score Distribution
Percent of People with Each Score
Percentile by Number Answered
Your Score History
You have not taken this quiz